LEADER 01132nam0 22003133i 450 001 LIA0170719 005 20231121125511.0 100 $a20030206d1985 ||||0itac50 ba 101 | $aita 102 $ait 181 1$6z01$ai $bxxxe 182 1$6z01$an 200 1 $aMatematica generale$f[Di] Frank Ayres Jr 210 $aMilano$cEtas libri$d1985 215 $a441 p.$d26 cm. 225 | $aCollana Schaum 410 0$1001CFI0001963$12001 $aCollana Schaum 500 10$aFirst year college mathematics. -$3MIL0026451$9RAVV061797$927053 700 1$aAyres$b, Frank$3RAVV061797$4070$0110 790 1$aAyres$b, Frank$c $3CFIV149202$zAyres, Frank 801 3$aIT$bIT-01$c20030206 850 $aIT-RM0289 $aIT-FR0099 899 $aBiblioteca Statale A. Baldini$bRM0289 899 $aBiblioteca Area Ingegneristica$bFR0099 $eN 912 $aLIA0170719 950 0$aBiblioteca Area Ingegneristica$d 54S. L. SCHAUM 31$e 54VM 0000013125 VMB A4schaum 31 $fA $h20170324$i20170324 977 $a 04$a 54 996 $aFirst year college mathematics$927053 997 $aUNICAS